000 00568nam a22001937a 4500
005 20250915082915.0
008 250909b |||||||| |||| 00| 0 eng d
020 _a978-81-89966-22-7
041 _aEnglish
082 _aM 616.01 RAM DB1438
100 _aRamanamma M. V.
_9213069
110 _aMurty Satyanarayana D.
_9213070
245 _aApplied Microbiology and Infection Control Including safety for BSc Nursing Students
250 _a3rd ed.
260 _bFrontline Publications
_aHyderabad
_c2023
300 _a442p
365 _bRs.650.00
942 _cDB
999 _c367702
_d367702